Kliment Ondrejka: Poviestky spod piecky, Mladé letá 1977

Podrobná bibliografia
Hlavný autor: Jurčo, Milan (Autor)
Médium: Článok
Jazyk:slovenčina
Predmet:

MARC

LEADER 00000nab a2200000 a 4500
001 vtls000313977
003 SK-MaSNL
005 20260303182631.0
008 230313c1978 xo 0 slo
015 |a SNBRB19rr/mm-uuuuu 
035 |a CL0004069 
035 |a urn:nbn:sk:snk-abbi12 
035 |a (urnnbn)urn:nbn:sk:snk:ar-0001pf 
035 |a (uuid)854d7e8e-efc0-4738-8626-26ca26e53ea4 
040 |a SNKBUCL  |b slo  |c SNKBUCL  |e AACR2 
041 0 |a slo 
044 |a xo  |c SK 
080 |a 82.09:885.4-93(087.5)(048)  |2 1981 
080 |a 885.4-93(087.5)(048)  |2 1981 
080 |a 398.2(=854)(048)  |2 1981 
100 1 |a Jurčo, Milan  |4 aut  |9 296407 
245 1 0 |a Kliment Ondrejka: Poviestky spod piecky, Mladé letá 1977  |c Milan Jurčo ; Kliment Ondrejka 
600 1 7 |a Ondrejka, Kliment,  |d 1929-2011  |2 snkbucl  |9 89844 
650 0 7 |a ľudové rozprávky  |2 snkbucl  |9 73195 
650 0 7 |a povesti ľudové  |2 snkbucl  |9 756583 
650 0 7 |a literatúra pre deti a mládež  |2 snkbucl  |9 21893 
655 7 |a články z novín a časopisov  |2 snkbucl  |9 267496 
655 7 |a články z odboru literárna veda a krásna literatúra  |2 snkbucl  |9 770045 
773 0 |t Romboid  |g Č. 2 (1978), s. 89-91 
787 0 8 |i Rec.:  |a Ondrejka, Kliment  |t Poviestky spod piecky  |d Bratislava : Mladé letá, 1977 
850 |a Slovenská národná knižnica v Martine  |a MTA001 
852 |a SNK  |b KIS3GCP 
957 7 |a 5304 
958 |a RK 
958 |a LX 
958 |a OND 
958 |a EUIPO 
958 |a article15 
992 |a RBX 
999 |c 2117727  |d 2119657